00709 2200253 4500001002100000005001500021035002000036007000300056008004100059020001800100082001200118084001800130100001300148245010400161260003800265300003700303650000900340700002700349504003100376990001200407990001200419990001200431990001200443INLIS00000000000540120200224022842 a0010-0220000119ta200224 e 0 ind  a979-3027-42-8 a612.461 a612.461 NUR a0 aNURSALAM1 aAsuhan Keperawatan pada Pasien dengan Ganggung Sistem Perkemihan /cNursalam, Fransisca B. Baticaca aJakarta :bSalemba Medika,c[s.a] axiv, 172 hlm. :bilus. ;c23 cm. 4aURIN0 aFRANSISCA, B. Baticaca aBibliografi : hlm. 171-172 a17073 A a17073 B a17073 C a17073 D